[Event "George Trundle NZ Reserves 2017"]
[Site "Auckland, NZL"]
[Date "2017.10.06"]
[Round "7.1"]
[White "Meng, Richard"]
[Black "Mukkattu, Philip"]
[Result "1-0"]
[BlackElo "1676"]
[WhiteElo "1646"]
[LiveChessVersion "1.4.8"]

1. c4 {[%clk 1:30:28]} c5 {[%clk 1:30:20]} 2. Nc3 {[%clk 1:29:21]} e6
{[%clk 1:30:10]} 3. Nf3 {[%clk 1:28:01]} Nf6 {[%clk 1:30:13]} 4. g3
{[%clk 1:27:21]} Be7 {[%clk 1:30:06]} 5. Bg2 {[%clk 1:26:38]} O-O
{[%clk 1:29:34]} 6. O-O {[%clk 1:25:00]} d5 {[%clk 1:29:30]} 7. cxd5
{[%clk 1:22:52]} exd5 {[%clk 1:29:37]} 8. d4 {[%clk 1:22:26]} Nc6
{[%clk 1:26:55]} 9. Bg5 {[%clk 1:21:18]} Be6 {[%clk 1:25:39]} 10. dxc5
{[%clk 1:14:30]} Bxc5 {[%clk 1:24:43]} 11. e3 {[%clk 1:07:42]} h6
{[%clk 1:24:07]} 12. Bxf6 {[%clk 1:05:40]} Qxf6 {[%clk 1:24:34]} 13. Rc1
{[%clk 0:59:14]} Rfd8 {[%clk 1:20:12]} 14. Nb5 {[%clk 0:58:19]} Bb6
{[%clk 1:19:58]} 15. Nbd4 {[%clk 0:58:06]} Bg4 {[%clk 1:17:13]} 16. Nxc6
{[%clk 0:50:19]} bxc6 {[%clk 1:17:40]} 17. h3 {[%clk 0:49:29]} Bxf3
{[%clk 1:16:58]} 18. Bxf3 {[%clk 0:49:20]} Qxb2 {[%clk 1:16:21]} 19. Rxc6
{[%clk 0:49:27]} Qxa2 {[%clk 1:16:28]} 20. Rc2 {[%clk 0:49:49]} Qa4
{[%clk 1:03:04]} 21. Bxd5 {[%clk 0:46:38]} Rab8 {[%clk 0:58:28]} 22. Bxf7+
{[%clk 0:42:34]} Kh8 {[%clk 0:56:07]} 23. Qe2 {[%clk 0:40:08]} Qd7
{[%clk 0:55:33]} 24. Bh5 {[%clk 0:36:47]} Qf5 {[%clk 0:48:29]} 25. Bg4
{[%clk 0:34:48]} Qg6 {[%clk 0:46:06]} 26. Rfc1 {[%clk 0:34:02]} Qe4
{[%clk 0:42:57]} 27. Rc4 {[%clk 0:27:11]} Qe5 {[%clk 0:38:18]} 28. Qf3
{[%clk 0:25:13]} Rf8 {[%clk 0:28:47]} 29. Rf4 {[%clk 0:22:09]} Qe7
{[%clk 0:25:50]} 30. Rd1 {[%clk 0:19:59]} a5 {[%clk 0:21:57]} 31. Rd7
{[%clk 0:18:57]} Qc5 {[%clk 0:21:26]} 32. Rff7 {[%clk 0:17:01]} Rxf7
{[%clk 0:19:05]} 33. Qxf7 {[%clk 0:16:36]} Qg5 {[%clk 0:15:15]} 34. Rd6
{[%clk 0:14:50]} Bc5 {[%clk 0:06:29]} 35. Rg6 {[%clk 0:14:28]} Qe5
{[%clk 0:05:01]} 36. Bf5 {[%clk 0:13:42]} Rb6 {[%clk 0:03:09]} 37. Rxb6
{[%clk 0:13:41]} Bxe3 {[%clk 0:00:51]} 38. Qf8# 1-0

[Event "George Trundle NZ Reserves 2017"]
[Site "Auckland, NZL"]
[Date "2017.10.06"]
[Round "7.2"]
[White "Wang, Aaron Ziwen"]
[Black "Qin, Oscar Shu Xuan"]
[Result "1/2-1/2"]
[BlackElo "1415"]
[WhiteElo "1530"]
[LiveChessVersion "1.4.8"]

1. c4 {[%clk 1:30:41]} e5 {[%clk 1:30:54]} 2. Nc3 {[%clk 1:30:38]} Nc6
{[%clk 1:31:16]} 3. Nf3 {[%clk 1:30:22]} f5 {[%clk 1:30:07]} 4. d4
{[%clk 1:29:29]} e4 {[%clk 1:29:51]} 5. d5 {[%clk 1:28:53]} exf3 {[%clk 1:28:47]}
6. dxc6 {[%clk 1:28:24]} bxc6 {[%clk 1:28:17]} 7. exf3 {[%clk 1:26:30]} Bb4
{[%clk 1:28:18]} 8. Bd2 {[%clk 1:24:44]} Nf6 {[%clk 1:28:17]} 9. Bd3
{[%clk 1:21:12]} Qe7+ {[%clk 1:26:51]} 10. Be2 {[%clk 1:18:23]} O-O
{[%clk 1:25:58]} 11. O-O {[%clk 1:17:23]} d6 {[%clk 1:25:09]} 12. Qc2
{[%clk 1:15:15]} Be6 {[%clk 1:24:21]} 13. Rfe1 {[%clk 1:11:31]} Qf7
{[%clk 1:20:50]} 14. b3 {[%clk 1:03:17]} Rae8 {[%clk 1:07:24]} 15. Bd3
{[%clk 1:01:19]} Nd7 {[%clk 1:05:45]} 16. a3 {[%clk 0:50:56]} Bc5
{[%clk 1:05:21]} 17. f4 {[%clk 0:46:38]} Qh5 {[%clk 1:03:59]} 18. Be2
{[%clk 0:40:35]} Qh6 {[%clk 1:01:11]} 19. Bf3 {[%clk 0:39:36]} Nf6
{[%clk 0:57:20]} 20. h3 {[%clk 0:37:46]} Qh4 {[%clk 0:54:22]} 21. Re2
{[%clk 0:35:29]} Bd7 {[%clk 0:54:18]} 22. Be3 {[%clk 0:29:25]} Bxe3
{[%clk 0:53:42]} 23. fxe3 {[%clk 0:29:18]} Nh5 {[%clk 0:53:34]} 24. Bxh5
{[%clk 0:27:58]} Qxh5 {[%clk 0:53:55]} 25. Qd3 {[%clk 0:25:25]} Rf6
{[%clk 0:53:35]} 26. Kh2 {[%clk 0:22:58]} Qh4 {[%clk 0:49:51]} 27. g3
{[%clk 0:19:25]} Qh5 {[%clk 0:50:11]} 28. Qd4 {[%clk 0:18:30]} c5
{[%clk 0:49:07]} 29. Qd2 {[%clk 0:15:47]} Qf3 {[%clk 0:48:37]} 30. Rae1
{[%clk 0:14:06]} Rg6 {[%clk 0:48:18]} 31. Qd5+ {[%clk 0:13:52]} Qxd5
{[%clk 0:47:54]} 32. Nxd5 {[%clk 0:14:17]} c6 {[%clk 0:46:10]} 33. Nc3
{[%clk 0:13:22]} Rge6 {[%clk 0:43:49]} 34. Kg2 {[%clk 0:13:03]} d5
{[%clk 0:41:24]} 35. cxd5 {[%clk 0:11:11]} cxd5 {[%clk 0:41:16]} 36. Kf2
{[%clk 0:10:37]} Bc6 {[%clk 0:40:58]} 37. h4 {[%clk 0:06:47]} Kf7
{[%clk 0:40:27]} 38. a4 {[%clk 0:03:58]} 1/2-1/2

[Event "George Trundle NZ Reserves 2017"]
[Site "Auckland, NZL"]
[Date "2017.10.06"]
[Round "7.3"]
[White "Braganza, Nadia"]
[Black "Qin, Nicole Shu Yu"]
[Result "1/2-1/2"]
[BlackElo "1547"]
[WhiteElo "1517"]
[LiveChessVersion "1.4.8"]

1. e4 {[%clk 1:30:57]} e6 {[%clk 1:30:54]} 2. d4 {[%clk 1:31:14]} d5
{[%clk 1:31:18]} 3. Nd2 {[%clk 1:31:21]} c5 {[%clk 1:31:42]} 4. exd5
{[%clk 1:31:34]} Qxd5 {[%clk 1:32:05]} 5. Ngf3 {[%clk 1:31:41]} cxd4
{[%clk 1:32:21]} 6. Bc4 {[%clk 1:31:58]} Qd8 {[%clk 1:32:32]} 7. O-O
{[%clk 1:32:03]} Nc6 {[%clk 1:29:25]} 8. Nb3 {[%clk 1:32:23]} Nf6
{[%clk 1:28:10]} 9. Nbxd4 {[%clk 1:32:01]} Nxd4 {[%clk 1:28:13]} 10. Nxd4
{[%clk 1:32:13]} Bd7 {[%clk 1:27:01]} 11. Re1 {[%clk 1:30:41]} Qb6
{[%clk 1:24:00]} 12. b3 {[%clk 1:22:50]} Bc5 {[%clk 1:21:17]} 13. Be3
{[%clk 1:15:47]} Rd8 {[%clk 1:19:09]} 14. Nf5 {[%clk 1:00:59]} O-O
{[%clk 1:14:23]} 15. Bxc5 {[%clk 0:59:45]} Qxc5 {[%clk 1:14:25]} 16. Ne3
{[%clk 0:59:10]} Bc6 {[%clk 1:13:41]} 17. Qe2 {[%clk 0:56:36]} Ne4
{[%clk 1:11:52]} 18. Bd3 {[%clk 0:53:04]} Nc3 {[%clk 1:09:04]} 19. Qg4
{[%clk 0:51:48]} Rd4 {[%clk 1:05:17]} 20. Qh3 {[%clk 0:47:01]} f5
{[%clk 1:02:44]} 21. Bc4 {[%clk 0:29:57]} Nd5 {[%clk 0:57:40]} 22. Nxd5
{[%clk 0:29:39]} exd5 {[%clk 0:55:26]} 23. Bd3 {[%clk 0:29:08]} Bd7
{[%clk 0:50:00]} 24. Qh5 {[%clk 0:20:55]} Rg4 {[%clk 0:38:49]} 25. h3
{[%clk 0:18:36]} Rg6 {[%clk 0:37:01]} 26. Qf3 {[%clk 0:16:54]} Rgf6
{[%clk 0:36:26]} 27. Qe3 {[%clk 0:15:32]} Qa5 {[%clk 0:29:35]} 28. Qd4
{[%clk 0:13:39]} Kh8 {[%clk 0:24:24]} 29. b4 {[%clk 0:12:07]} Qb6
{[%clk 0:15:59]} 30. Qxd5 {[%clk 0:08:52]} Bc6 {[%clk 0:15:51]} 31. Qc5
{[%clk 0:07:22]} Qxc5 {[%clk 0:16:10]} 32. bxc5 {[%clk 0:07:47]} a6
{[%clk 0:15:45]} 33. Re5 {[%clk 0:07:38]} h6 {[%clk 0:14:34]} 34. Rae1
{[%clk 0:07:05]} R6f7 {[%clk 0:07:57]} 35. f3 {[%clk 0:05:09]} Rf6
{[%clk 0:08:10]} 36. Kf2 {[%clk 0:04:39]} g6 {[%clk 0:07:18]} 37. Re7
{[%clk 0:03:56]} 1/2-1/2

[Event "George Trundle NZ Reserves 2017"]
[Site "Auckland, NZL"]
[Date "2017.10.06"]
[Round "7.4"]
[White "Ha, Huy Minh (Timothy)"]
[Black "Nagorski, Alex"]
[Result "0-1"]
[BlackElo "1843"]
[WhiteElo "1690"]
[LiveChessVersion "1.4.8"]

1. c4 {[%clk 1:30:55]} Nf6 {[%clk 1:30:50]} 2. Nc3 {[%clk 1:31:09]} g6
{[%clk 1:31:15]} 3. g3 {[%clk 1:31:01]} Bg7 {[%clk 1:31:39]} 4. Bg2
{[%clk 1:31:15]} O-O {[%clk 1:32:04]} 5. e3 {[%clk 1:27:27]} d6 {[%clk 1:31:50]}
6. d4 {[%clk 1:23:14]} c6 {[%clk 1:31:46]} 7. Nge2 {[%clk 1:20:55]} Nbd7
{[%clk 1:30:18]} 8. O-O {[%clk 1:20:54]} Re8 {[%clk 1:29:40]} 9. Ne4
{[%clk 1:15:24]} Nxe4 {[%clk 1:24:13]} 10. Bxe4 {[%clk 1:15:50]} e5
{[%clk 1:23:19]} 11. Bg2 {[%clk 1:02:59]} a5 {[%clk 1:14:43]} 12. b3
{[%clk 0:58:16]} f5 {[%clk 1:11:20]} 13. dxe5 {[%clk 0:57:07]} dxe5
{[%clk 1:09:07]} 14. Bb2 {[%clk 0:55:58]} Nc5 {[%clk 1:08:53]} 15. Qxd8
{[%clk 0:55:11]} Rxd8 {[%clk 1:09:21]} 16. Bc3 {[%clk 0:46:29]} Be6
{[%clk 1:04:47]} 17. Rfd1 {[%clk 0:46:21]} a4 {[%clk 1:03:51]} 18. Rxd8+
{[%clk 0:42:52]} Rxd8 {[%clk 1:04:09]} 19. Rb1 {[%clk 0:42:12]} axb3
{[%clk 1:01:43]} 20. axb3 {[%clk 0:42:26]} Ra8 {[%clk 1:00:40]} 21. Nc1
{[%clk 0:39:35]} Kf7 {[%clk 0:53:31]} 22. Bf1 {[%clk 0:38:35]} Ne4
{[%clk 0:48:35]} 23. Be1 {[%clk 0:35:39]} Ng5 {[%clk 0:41:32]} 24. Be2
{[%clk 0:35:08]} e4 {[%clk 0:39:04]} 25. Kg2 {[%clk 0:32:28]} Ke7
{[%clk 0:35:47]} 26. Bb4+ {[%clk 0:30:22]} Kd7 {[%clk 0:35:49]} 27. h4
{[%clk 0:30:19]} Nf7 {[%clk 0:36:13]} 28. Bd1 {[%clk 0:29:36]} b6
{[%clk 0:31:30]} 29. Ne2 {[%clk 0:29:08]} Ne5 {[%clk 0:24:41]} 30. Bc3
{[%clk 0:28:20]} Bf6 {[%clk 0:24:34]} 31. Ra1 {[%clk 0:26:10]} Rxa1
{[%clk 0:23:02]} 32. Bxa1 {[%clk 0:26:39]} Ke7 {[%clk 0:23:13]} 33. Bd4
{[%clk 0:24:09]} Nd7 {[%clk 0:20:58]} 34. Bxf6+ {[%clk 0:22:25]} Nxf6
{[%clk 0:21:12]} 35. Nd4 {[%clk 0:19:51]} Kd6 {[%clk 0:19:46]} 36. Nxe6
{[%clk 0:17:58]} Kxe6 {[%clk 0:19:46]} 37. b4 {[%clk 0:18:27]} Nd7
{[%clk 0:17:39]} 38. g4 {[%clk 0:18:01]} Ne5 {[%clk 0:13:45]} 39. gxf5+
{[%clk 0:47:56]} Kxf5 {[%clk 0:42:57]} 40. Be2 {[%clk 0:44:30]} h6
{[%clk 0:40:53]} 41. b5 {[%clk 0:43:22]} c5 {[%clk 0:41:08]} 42. Kg3
{[%clk 0:42:15]} g5 {[%clk 0:37:18]} 43. hxg5 {[%clk 0:38:14]} Kxg5
{[%clk 0:37:38]} 44. Kh3 {[%clk 0:32:52]} h5 {[%clk 0:37:37]} 45. Kg3
{[%clk 0:33:02]} h4+ {[%clk 0:34:51]} 46. Kh3 {[%clk 0:32:26]} Nf3
{[%clk 0:31:29]} 47. Bxf3 {[%clk 0:31:06]} exf3 {[%clk 0:31:53]} 48. Kh2
{[%clk 0:30:44]} Kg4 {[%clk 0:31:26]} 49. Kg1 {[%clk 0:28:09]} Kf5
{[%clk 0:31:50]} 50. Kh2 {[%clk 0:28:36]} Ke4 {[%clk 0:32:14]} 51. Kh3
{[%clk 0:28:55]} Kd3 {[%clk 0:32:39]} 52. Kxh4 {[%clk 0:28:33]} Kxc4
{[%clk 0:33:04]} 53. Kg4 {[%clk 0:28:52]} Kd3 {[%clk 0:33:19]} 54. Kxf3
{[%clk 0:29:05]} c4 {[%clk 0:33:44]} 0-1

[Event "George Trundle NZ Reserves 2017"]
[Site "Auckland, NZL"]
[Date "2017.10.06"]
[Round "7.5"]
[White "Peak, Stephen"]
[Black "Carpinter, Bernard"]
[Result "0-1"]
[BlackElo "1860"]
[WhiteElo "1670"]
[LiveChessVersion "1.4.8"]

1. e4 {[%clk 1:30:55]} e5 {[%clk 1:30:52]} 2. Nf3 {[%clk 1:31:22]} Nc6
{[%clk 1:31:15]} 3. Bc4 {[%clk 1:31:47]} Bc5 {[%clk 1:31:33]} 4. O-O
{[%clk 1:32:02]} Nf6 {[%clk 1:31:45]} 5. d3 {[%clk 1:32:28]} O-O {[%clk 1:31:56]}
6. c3 {[%clk 1:32:05]} d5 {[%clk 1:31:15]} 7. exd5 {[%clk 1:31:23]} Nxd5
{[%clk 1:31:34]} 8. Nbd2 {[%clk 1:20:40]} Nb6 {[%clk 1:28:38]} 9. Ne4
{[%clk 1:13:02]} Nxc4 {[%clk 1:26:02]} 10. Nxc5 {[%clk 1:12:50]} Nd6
{[%clk 1:26:03]} 11. Re1 {[%clk 1:07:03]} Re8 {[%clk 1:24:59]} 12. Bg5
{[%clk 1:01:43]} f6 {[%clk 1:25:03]} 13. Bc1 {[%clk 0:58:48]} Kh8
{[%clk 1:20:50]} 14. Ne4 {[%clk 0:54:26]} Bg4 {[%clk 1:19:13]} 15. Ng3
{[%clk 0:52:44]} Qd7 {[%clk 1:12:32]} 16. h3 {[%clk 0:51:53]} Bxf3
{[%clk 1:12:05]} 17. Qxf3 {[%clk 0:52:00]} Rad8 {[%clk 1:12:17]} 18. Be3
{[%clk 0:47:12]} f5 {[%clk 1:03:29]} 19. Bg5 {[%clk 0:47:06]} Rb8
{[%clk 1:03:53]} 20. Bc1 {[%clk 0:42:51]} Rf8 {[%clk 0:55:44]} 21. Qe2
{[%clk 0:39:31]} Rbe8 {[%clk 0:55:50]} 22. Qd1 {[%clk 0:39:01]} Qd8
{[%clk 0:49:13]} 23. b3 {[%clk 0:38:28]} Qh4 {[%clk 0:49:15]} 24. Qh5
{[%clk 0:34:52]} Qxh5 {[%clk 0:45:20]} 25. Nxh5 {[%clk 0:35:22]} f4
{[%clk 0:45:41]} 26. d4 {[%clk 0:17:30]} g6 {[%clk 0:43:37]} 27. dxe5
{[%clk 0:14:50]} gxh5 28. Bb2 Nf5 {[%clk 0:37:01]} 29. e6 {[%clk 0:13:32]} Nfe7
{[%clk 0:27:59]} 30. b4 {[%clk 0:07:45]} Ng6 {[%clk 0:25:19]} 31. c4+
{[%clk 0:07:29]} Kg8 {[%clk 0:25:41]} 32. b5 {[%clk 0:07:28]} Nce7
{[%clk 0:25:52]} 33. g4 {[%clk 0:05:47]} hxg4 {[%clk 0:22:27]} 34. hxg4
{[%clk 0:06:16]} Rd8 {[%clk 0:20:41]} 35. Rac1 {[%clk 0:06:03]} Rd2
{[%clk 0:19:58]} 36. Ba1 {[%clk 0:06:26]} Rfd8 {[%clk 0:19:38]} 37. Kf1
{[%clk 0:03:55]} Kf8 {[%clk 0:15:45]} 38. Bf6 {[%clk 0:04:06]} Ke8
{[%clk 0:14:32]} 39. Kg2 {[%clk 0:04:20]} R8d6 {[%clk 0:13:38]} 40. Rc3
{[%clk 0:04:26]} R6d3 {[%clk 0:12:35]} 41. Rxd3 {[%clk 0:33:39]} Rxd3
{[%clk 0:42:59]} 42. Rh1 {[%clk 0:34:06]} Nf8 {[%clk 0:43:15]} 43. Be5
{[%clk 0:34:03]} c6 {[%clk 0:42:30]} 44. bxc6 {[%clk 0:30:00]} f3+
{[%clk 0:42:43]} 45. Kg3 {[%clk 0:30:21]} Nxc6 {[%clk 0:42:41]} 46. Bf4
{[%clk 0:30:12]} Ke7 {[%clk 0:41:35]} 47. c5 {[%clk 0:30:10]} Kxe6
{[%clk 0:41:24]} 48. Bd6 {[%clk 0:30:37]} Nd7 {[%clk 0:36:01]} 49. Rxh7
{[%clk 0:29:52]} Ra3 {[%clk 0:36:19]} 50. Rh5 {[%clk 0:28:12]} a5
{[%clk 0:35:12]} 51. g5 {[%clk 0:24:42]} a4 {[%clk 0:32:50]} 52. g6
{[%clk 0:24:22]} Nf6 {[%clk 0:30:57]} 53. Rh8 {[%clk 0:23:48]} Rxa2
{[%clk 0:30:41]} 54. Rf8 {[%clk 0:19:28]} Ra1 {[%clk 0:25:04]} 55. Kh2
{[%clk 0:19:25]} Nh5 {[%clk 0:24:26]} 56. Rxf3 {[%clk 0:18:44]} a3
{[%clk 0:24:23]} 57. Bf8 {[%clk 0:16:48]} a2 {[%clk 0:23:26]} 58. g7
{[%clk 0:15:10]} Rh1+ {[%clk 0:23:17]} 59. Kxh1 {[%clk 0:15:28]} a1=Q+
{[%clk 0:23:33]} 60. Kg2 {[%clk 0:15:04]} Nxg7 {[%clk 0:23:52]} 61. Re3+
{[%clk 0:14:26]} Kd5 {[%clk 0:23:33]} 62. Rd3+ {[%clk 0:14:35]} Kc4
{[%clk 0:23:19]} 63. Rg3 {[%clk 0:13:42]} Ne6 {[%clk 0:23:21]} 64. Rg4+
{[%clk 0:13:40]} Kb5 {[%clk 0:23:41]} 65. Bh6 {[%clk 0:12:22]} Nxc5
{[%clk 0:23:46]} 66. Be3 {[%clk 0:12:20]} b6 {[%clk 0:23:49]} 67. Rg5
{[%clk 0:12:23]} Qf6 {[%clk 0:23:48]} 68. Rg4 {[%clk 0:11:07]} Ne5
{[%clk 0:22:25]} 69. Rf4 {[%clk 0:10:47]} Qg6+ {[%clk 0:22:31]} 70. Kf1
{[%clk 0:11:09]} Nc4 {[%clk 0:22:34]} 0-1